Esportazioa burutua — 

Contemporary calculus through applications

Gorde:
Xehetasun bibliografikoak
Formatua: Liburua
Hizkuntza:Undetermined
Argitaratua: Chicago Everyday Learning Corporation 1999
Gaiak:
Etiketak: Etiketa erantsi
Etiketarik gabe, Izan zaitez lehena erregistro honi etiketa jartzen!
Thư viện lưu trữ: Trung tâm Học liệu Trường Đại học Cần Thơ
LEADER 00547nam a2200169Ia 4500
001 CTU_108596
008 210402s9999 xx 000 0 und d
082 |a 515 
082 |b C761 
245 0 |a Contemporary calculus through applications 
245 0 |c Principal authors, Kevin G. Bartkovich ... [et al.] ; contributing authors, Gloria B. Barrett ... [et al.]. 
260 |a Chicago 
260 |b Everyday Learning Corporation 
260 |c 1999 
650 |a Calculus 
904 |i Năm 
980 |a Trung tâm Học liệu Trường Đại học Cần Thơ